Music accompaniment in Kun Seng Keng Lion Dance during Genting World Lion Dance Championship from 1994-2018 /
محفوظ في:
| المؤلف الرئيسي: | |
|---|---|
| التنسيق: | أطروحة كتاب |
| اللغة: | English |
| منشور في: |
2021.
|
| الموضوعات: | |
| الوصول للمادة أونلاين: | http://studentsrepo.um.edu.my/14662/ |
| الوسوم: |
إضافة وسم
لا توجد وسوم, كن أول من يضع وسما على هذه التسجيلة!
|
| LEADER | 01527nam a2200373 i 4500 | ||
|---|---|---|---|
| 001 | u1155833 | ||
| 003 | SIRSI | ||
| 005 | 202205261107 | ||
| 008 | 220526s2021 my a m 000 0 eng | ||
| 040 | |a UMM |d AUM |e rda | ||
| 043 | |a a-my--- | ||
| 090 | |a PN2037 |b A2 UM 2021 Lim | ||
| 100 | 1 | |a Lim, Hong Zhi, |e author. | |
| 245 | 1 | 0 | |a Music accompaniment in Kun Seng Keng Lion Dance during Genting World Lion Dance Championship from 1994-2018 / |c Lim Hong Zhi. |
| 264 | 1 | |c 2021. | |
| 300 | |a xiv, 119 leaves : |b illustrations ; |c 30 cm | ||
| 336 | |a text |2 rdacontent | ||
| 336 | |a still image |2 rdacontent | ||
| 337 | |a unmediated |2 rdamedia | ||
| 337 | |a computer |2 rdamedia | ||
| 338 | |a volume |2 rdacarrier | ||
| 338 | |a computer disc |2 rdacarrier | ||
| 502 | |b M.A.Perform.Arts |c Pusat Kebudayaan, Universiti Malaya |d 2021. | ||
| 504 | |a Bibliography: leaves 102-109. | ||
| 530 | |a Also issued in CD. | ||
| 650 | 0 | |a Lion dance |z Malaysia. | |
| 650 | 0 | |a Lion dance |x Competitions. | |
| 650 | 0 | |a Chinese |x Social life and customs. | |
| 710 | 2 | |a Universiti Malaya. |b Pusat Kebudayaan, |e degree granting institution. | |
| 856 | 4 | 1 | |u http://studentsrepo.um.edu.my/14662/ |
| 900 | |a FNM US | ||
| 596 | |a 1 25 | ||
| 999 | |a PN2037 A2 UM 2021 LIM |w LC |c 1 |i A517729582 |f 28/7/2022 |g 1 |l STACKS |m P01UTAMA |r Y |s Y |t TESIS |u 28/7/2022 |1 STEM |o .PUBLIC. Embargoed until 15/5/2023 (Released to stack 14-Jun-2023) |o .STAFF. | ||
| 999 | |a PN2037 A2 UM 2021 LIM |w LC |c 1 |i A517729596 |f 19/6/2023 |g 1 |l STACKS |m P25UMARCHI |r N |s Y |t CD |u 19/6/2023 |1 AHSS |o .STAFF. MST-CD2858 | ||
